| 000 | 00949nam a22002177a 4500 | ||
|---|---|---|---|
| 005 | 20100831111253.0 | ||
| 010 | _aHIN-90229 | ||
| 020 |
_c80.00 _a9788189924188 |
||
| 035 | _aHN-62575 | ||
| 037 | _bDBAD / PUB | ||
| 082 | _a827 | ||
| 100 |
_aपाण्डेय, खेमराज _917673 |
||
| 245 |
_aचल घोड़ा बैकुण्ठ / _cखेमराज पाण्डेय |
||
| 260 |
_aइलाहाबाद _bजयभारती प्रकाशन _c2008 |
||
| 270 |
_a267 बी, माया प्रेस रोड _bइलाहाबाद _e211003 |
||
| 300 |
_a94पृ. _c18सेमी (सजिल्द) |
||
| 650 |
_aव्यंग्य, हिन्दी _9675 |
||
| 700 | _917664 | ||
| 942 |
_2ddc _cHN _h827 _mपाण्डेय |
||
| 999 |
_c43221 _d43221 |
||